| 000 | 01135cam a22003254a 4500 | ||
|---|---|---|---|
| 999 |
_c3239 _d3239 |
||
| 001 | 12033345 | ||
| 003 | GZU | ||
| 005 | 20201123145602.0 | ||
| 008 | 000607s2000 nyua g 001 0 eng c | ||
| 010 | _a 00267863 | ||
| 020 | _a0071357521 | ||
| 035 | _a(OCoLC)ocm43371815 | ||
| 040 |
_aWSN _cWSN _dDAY _dDLC |
||
| 042 | _apcc | ||
| 050 | 0 | 0 |
_aHQ784 _bAFT 2000 |
| 100 | 1 | _aAftab, Parry. | |
| 245 | 1 | 4 |
_aThe parent's guide to protecting your children in cyberspace / _cParry Aftab. |
| 260 |
_aNew York : _bMcGraw-Hill, _cc2000. |
||
| 300 |
_axxi, 330 p. : _bill. ; _c24 cm. |
||
| 500 | _aIncludes index. | ||
| 650 | 0 | _aInternet and children. | |
| 650 | 0 | _aComputers and children. | |
| 650 | 0 | _aParenting. | |
| 650 | 0 | _aComputers and families. | |
| 856 | 4 | 1 |
_3Table of contents _uhttp://www.loc.gov/catdir/toc/mh021/00267863.html |
| 856 | 4 | 2 |
_3Contributor biographical information _uhttp://www.loc.gov/catdir/enhancements/fy0707/00267863-b.html |
| 906 |
_a7 _bcbc _cpccadap _d2 _encip _f20 _gy-gencatlg |
||
| 942 |
_2lcc _cBK _h784 _iAFT _kHQ |
||